000 00784nam a2200241 a 4500
001 000018563
003 DO-SdBNP
005 20251028141204.0
008 100511s1999 ve r 000 0 spa d
020 _a9800109854
040 _aDO-SdBNP
_bspa
_cBNPHU
082 _a987
_bC112d, 1999
100 1 _aCaballero, Manuel
_915952
245 1 0 _aDe la pequeña Venecia a la gran Venezuela :
_buna historia de cinco siglos /
_cManuel Caballero.
250 _a2a ed.
260 _aCaracas, (Venezuela) :
_bMonte Ávila Editores Latinoamericana,
_c1999.
300 _a94 p. ;
_c16 cm.
490 1 _aMonte Ávila Breve,
_v1
651 0 _aVenezuela
_xPolítica y gobierno
_926230
651 0 _aVenezuela
_xHistoria
_926230
830 0 _aMonte Ávila Breve,
_v1
_940146
942 _2ddc
_cLBS1
999 _c18083
_d18083